Statistics for SpiceJet Destinations-Hyderabad

Click here to take the quiz!

General Stats

  • This quiz has been taken 7 times
  • The average score is 20 of 28

Answer Stats

Country Airport % Correct
India-MaharashtraPune
100%
India-MaharashtraMumbai
100%
India-West BengalKolkata
100%
India-Tamil NaduChennai
100%
India-DelhiDelhi
100%
India-RajasthanJaipur
100%
India-GujaratAhmedabad
100%
India-GujaratSurat
100%
India-KarnatakaBangalore
100%
India-Uttar PradeshVaranasi
86%
ThailandBangkok
86%
India-GoaGoa
86%
India-BiharPatna
86%
India-Madhya PradeshBhopal
71%
India-Tamil NaduMadurai
71%
India-KarnatakaMangalore
71%
Saudi ArabiaJeddah
71%
India-PuducherryPuducherry
71%
India-Andhra PradeshVijayawada
57%
India-AssamGuwahati
57%
India-Andhra PradeshVisakhapatnam
43%
India-Andhra PradeshTirupati
43%
India-Tamil NaduCoimbatore
43%
India-Madhya PradeshJabalpur
43%
India-MaharashtraShirdi
43%
India-West BengalSiliguri
29%
India-OdishaJharsuguda
14%
India-RajasthanKishangarh
14%

Score Distribution

Percentile by Number Answered

Percent of People with Each Score

Your Score History

You have not taken this quiz